AH International Schools' Libraries

Stories Jesus told: (Record no. 49975)

MARC details
000 -LEADER
fixed length control field 00336nam a2200109 4500
020 ## - INTERNATIONAL STANDARD BOOK NUMBER
International Standard Book Number 9781857929898
245 ## - TITLE STATEMENT
Title Stories Jesus told:
Remainder of title the runaway son /
Statement of responsibility, etc Carine Mackenzie.
260 ## - PUBLICATION, DISTRIBUTION, ETC. (IMPRINT)
Place of publication, distribution, etc Scotland, UK:
Name of publisher, distributor, etc Christian Focus;
Date of publication, distribution, etc 2004.
300 ## - PHYSICAL DESCRIPTION
Extent unpaged.
Other physical details col. ill.
Dimensions 13 cm.
700 ## - ADDED ENTRY--PERSONAL NAME
Relator code illustrator.
Personal name Michel De Boer.
9 (RLIN) 87032
942 ## - ADDED ENTRY ELEMENTS (KOHA)
Source of classification or shelving scheme
Koha item type Board Book
Holdings
Withdrawn status Lost status Source of classification or shelving scheme Damaged status Not for loan Collection code Home library Current library Date acquired Total Checkouts Full call number Barcode Date last seen Price effective from Koha item type
          Siem Riep Asian Hope Siem Reap Asian Hope Siem Reap 12/11/2025   BB 220 MAC 209675 12/11/2025 12/11/2025 Board Book

For any Logos Library related questions please contact Miss Art at swongnarasuk@asianhope.org.

For any Asian Hope Library related questions please contact Miss Raza at graza@asianhope.org.

Powered by Koha